000 00555nam a2200181Ia 4500
003 GCL
008 140319s9999 xx 000 0 ara d
040 _aGCL /
_cGCL
082 0 4 _a253.4
_bم ش
100 1 _aمنير ابراهيم هندى
245 1 0 _aشبهة الربا فى معاملات البنوك التقليدية والاسلامية /
_cمنير ابراهيم هندى
300 _a338 ص
490 _aكتاب
_v0
650 0 4 _aالاسلام
650 0 4 _aالربا
650 0 4 _aالاسلام والبنوك
942 _2ddc
_cBK
999 _c41296
_d41296